| 000 | 00453 a2200157 4500 | ||
|---|---|---|---|
| 999 |
_c291129 _d291129 |
||
| 001 | 56056 | ||
| 003 | NUST | ||
| 005 | 20180118200445.0 | ||
| 008 | 180118b xxu||||| |||| 00| 0 eng d | ||
| 020 | _a9780754619406 | ||
| 082 | _a629.1346 PAT | ||
| 100 |
_aPatankar, Manoj S. _aTaylor, JAmes C. _99013 |
||
| 245 |
_aApplied human factors in aviation maintenance _cManoj S. Patankar |
||
| 260 |
_aEngland _bAero _c2004 |
||
| 300 | _axiv, 154 p. ; ill; Hb | ||
| 600 |
_aJames C Taylor _99014 |
||
| 740 | _aaviation maintenance | ||
| 942 |
_aNUST-CAE _k629.1346 PAT _cBK _2ddc |
||